[Event "Werner-Ott-Open Kreuzberger Sommer 2015"]
[Site "Berlin"]
[Date "2015.07.18"]
[Round "8.1"]
[White "Kalinitschew, Sergey"]
[Black "Stern, Rene"]
[Result "0-1"]
[WhiteElo "2427"]
[BlackElo "2533"]
[PlyCount "74"]
[EventDate "2015.??.??"]
[WhiteTeam "SC Kreuzberg"]
[BlackTeam "SK K[+]nig Tegel"]

1. c4 e6 2. Nc3 d5 3. d4 Be7 4. cxd5 exd5 5. Bf4 c6 6. e3 Bf5 7. Nge2 Nd7 8. f3
h5 9. Qd2 Nb6 10. e4 dxe4 11. fxe4 Bg6 12. Ng3 Nf6 13. Bd3 O-O 14. Nge2 c5 15.
d5 c4 16. Bc2 Bb4 17. Bg5 Qd6 18. Bxf6 Qxf6 19. O-O-O Nd7 20. Rhf1 Qa6 21. Kb1
b5 22. d6 Rab8 23. Nf4 Bxc3 24. Qxc3 b4 25. Qe3 b3 26. axb3 cxb3 27. Bxb3 Bxe4+
28. Qxe4 Rxb3 29. Rf2 Rfb8 30. Nd5 Ra3 31. Ne7+ Kh8 32. Qd4 Ra4 33. Rf5 Nf6 34.
d7 Rxd4 35. Rxd4 Qb6 36. Rd2 Rd8 37. Re5 Qc7 0-1

[Event "Werner-Ott-Open Kreuzberger Sommer 2015"]
[Site "Berlin"]
[Date "2015.07.18"]
[Round "8.3"]
[White "Schnoor, Ekkehard"]
[Black "Jahnz, Fabian"]
[Result "1/2-1/2"]
[WhiteElo "2141"]
[BlackElo "2221"]
[PlyCount "82"]
[EventDate "2015.??.??"]
[WhiteTeam "SC Kreuzberg"]
[BlackTeam "SK K[+]nig Tegel"]

1. e4 e5 2. Nf3 Nc6 3. Bb5 a6 4. Bxc6 dxc6 5. O-O Bg4 6. h3 Bh5 7. g4 Bg6 8.
Nxe5 Qh4 9. Qf3 f6 10. Nxg6 hxg6 11. Kg2 g5 12. d4 Ne7 13. Rh1 Qh7 14. Nc3 Ng6
15. Kf1 Nh4 16. Qe2 O-O-O 17. Be3 Bd6 18. Rd1 Rhe8 19. f3 Ng6 20. Qf2 Qg8 21.
b3 Qe6 22. Ne2 Rh8 23. c4 Rh4 24. c5 Bxc5 25. Ng3 Rh7 26. Nf5 Bd6 27. Qc2 Nh4
28. e5 Nxf5 29. gxf5 Qd5 30. Qe4 Bxe5 31. Kg2 Bd6 32. Bf2 Qf7 33. Rde1 Rhh8 34.
Qe6+ Qxe6 35. Rxe6 Rde8 36. Re4 Kd7 37. Rhe1 Re7 38. R1e2 Rhe8 39. h4 gxh4 40.
Kh3 Rxe4 41. fxe4 Bg3 1/2-1/2

[Event "Werner-Ott-Open Kreuzberger Sommer 2015"]
[Site "Berlin"]
[Date "2015.07.18"]
[Round "8.4"]
[White "Muse, Drazen"]
[Black "Boettcher, Patrick"]
[Result "1-0"]
[WhiteElo "2404"]
[BlackElo "2161"]
[PlyCount "95"]
[EventDate "2015.??.??"]
[WhiteTeam "SK K[+]nig Tegel"]
[BlackTeam "SC Zitadelle Spandau"]

1. d4 Nf6 2. c4 e6 3. Nf3 b6 4. e3 Bb7 5. Bd3 Be7 6. Nc3 d5 7. O-O O-O 8. b3
Nbd7 9. Bb2 Ne4 10. Ne2 c5 11. cxd5 exd5 12. Rc1 Bf6 13. Ng3 Nxg3 14. hxg3 Re8
15. Qe2 a6 16. Rfd1 g6 17. a3 Bg7 18. dxc5 bxc5 19. Bxg7 Kxg7 20. Qb2+ Kg8 21.
b4 Qb6 22. Qd2 Rac8 23. bxc5 Nxc5 24. Rb1 Qf6 25. Rdc1 Qe7 26. Nd4 Ne4 27. Bxe4
dxe4 28. Qa5 Qd7 29. Qb6 Rxc1+ 30. Rxc1 Rc8 31. Rb1 Rc7 32. a4 Bc8 33. Qa5 Qd6
34. Qd2 Rd7 35. Rc1 Rc7 36. a5 Rc5 37. Qb2 h5 38. Rxc5 Qxc5 39. Qb6 Qc1+ 40.
Kh2 Kg7 41. Qd6 Bb7 42. Qe5+ Kg8 43. Qe8+ Kg7 44. Qe7 Qc8 45. Nb3 Qc6 46. Nc5
Ba8 47. Nd7 Qd5 48. Qf8+ 1-0

[Event "Werner-Ott-Open Kreuzberger Sommer 2015"]
[Site "Berlin"]
[Date "2015.07.18"]
[Round "8.5"]
[White "Von Herman, Ulf"]
[Black "Kopisch, Martin"]
[Result "1-0"]
[WhiteElo "2375"]
[BlackElo "2139"]
[PlyCount "109"]
[EventDate "2015.??.??"]
[WhiteTeam "SK K[+]nig Tegel"]
[BlackTeam "Bille SC"]

1. d4 f5 2. c4 Nf6 3. Nc3 e6 4. f3 d5 5. e3 Be7 6. Bd3 O-O 7. Nge2 c6 8. Qc2
Na6 9. a3 Bd7 10. O-O dxc4 11. Bxc4 b5 12. Ba2 Kh8 13. Nf4 Qc8 14. b4 Nc7 15.
e4 a5 16. Nd3 axb4 17. axb4 Na6 18. Rb1 Qb7 19. Qe2 Bd8 20. Be3 Bb6 21. Rfd1
Rad8 22. Ne5 Bc8 23. exf5 exf5 24. Qf2 Nd5 25. Bxd5 cxd5 26. Ne2 Rde8 27. f4
Be6 28. Nc1 Rc8 29. Ncd3 Qe7 30. Nc5 Nc7 31. Qe2 Ra8 32. Bf2 Rfe8 33. Rb3 Kg8
34. Rh3 Bf7 35. Qd3 g6 36. Bh4 Qd6 37. Ned7 Na6 38. Nf6+ Kg7 39. Nxe8+ Bxe8 40.
Re3 Nxb4 41. Qc3 Na2 42. Qb2 Bf7 43. Ra1 Qxf4 44. Bf2 Bxc5 45. dxc5+ d4 46. Rf3
Qc7 47. Bxd4+ Kg8 48. Ra3 Rxa3 49. Qxa3 Qd8 50. Qe3 Qd5 51. Qe5 Qxe5 52. Bxe5
Be6 53. c6 Nb4 54. c7 Nc6 55. Bd6 1-0

[Event "Werner-Ott-Open Kreuzberger Sommer 2015"]
[Site "Berlin"]
[Date "2015.07.18"]
[Round "8.6"]
[White "Schmidek, Emil"]
[Black "Krefenstein, Sergej"]
[Result "0-1"]
[WhiteElo "2228"]
[BlackElo "2182"]
[Annotator "Kreuzberg,Schachclub"]
[PlyCount "138"]
[EventDate "2015.??.??"]
[WhiteTeam "TuS Makkabi Berlin"]
[BlackTeam "TuS Makkabi Berlin"]

1. e4 {[%emt 0:00:00]} c5 2. Nf3 a6 3. d4 cxd4 4. Nxd4 Nf6 5. Nc3 e5 6. Nf3 Bb4
7. Bd2 d6 8. Bd3 Nbd7 9. O-O Nc5 10. Qe2 O-O 11. a3 Bxc3 12. Bxc3 b6 13. Bb4
Qc7 14. Bxc5 Qxc5 15. b4 Qc7 16. Nd2 Bb7 17. f3 a5 18. Nc4 Bc6 19. Ne3 Rfc8 20.
Nf5 Qd8 21. Qd2 g6 22. Qg5 Kh8 23. Nh6 Kg7 24. Nf5+ Kh8 25. Ne3 Kg7 26. Rad1
axb4 27. axb4 Bd7 28. f4 h6 29. Qh4 Ng4 30. Qxd8 Rxd8 31. Nxg4 Bxg4 32. Ra1
Rxa1 33. Rxa1 exf4 34. Ra6 Rb8 35. Bc4 Be6 36. Bd5 Kf6 37. Ra7 g5 38. c4 Bxd5
39. exd5 Rc8 40. Rd7 Ke5 41. Re7+ Kd4 42. Rd7 Rxc4 43. Rxd6 Rxb4 44. Rxh6 Kxd5
45. Rf6 Ke4 46. Rxf7 Rb5 47. Kf2 Rc5 48. Re7+ Kd4 49. Re1 b5 50. Kf3 b4 51.
Rd1+ Kc4 52. Rc1+ Kb5 53. Rb1 Rc2 54. g3 Rxh2 55. gxf4 gxf4 56. Kxf4 Kc4 57.
Ke3 Kc3 58. Ra1 Rc2 59. Ra8 b3 60. Rc8+ Kb2 61. Rb8 Rc7 62. Kd3 Rd7+ 63. Ke2
Kc2 64. Rc8+ Kb1 65. Rb8 b2 66. Ra8 Rd4 67. Ke3 Rd5 68. Ke4 Rb5 69. Kd3 Kc1 0-1

[Event "Werner-Ott-Open Kreuzberger Sommer 2015"]
[Site "Berlin"]
[Date "2015.07.18"]
[Round "8.7"]
[White "Kather, Yannick"]
[Black "Lerch, Philipp"]
[Result "0-1"]
[WhiteElo "2037"]
[BlackElo "2324"]
[PlyCount "62"]
[EventDate "2015.??.??"]
[WhiteTeam "SC Weisse Dame (Berlin)"]
[BlackTeam "SC Kreuzberg"]

1. e4 d6 2. d4 Nf6 3. Nc3 e5 4. Nf3 Nbd7 5. Be2 Be7 6. h3 O-O 7. Be3 c6 8. d5
a6 9. a4 Re8 10. O-O cxd5 11. exd5 Bf8 12. a5 g6 13. Nd2 b5 14. axb6 Nxb6 15.
Bxb6 Qxb6 16. Na4 Qc7 17. c4 Rb8 18. Qc2 Nxd5 19. Ne4 Rd8 20. Rfc1 Nb4 21. Qd2
Bg7 22. Nac3 Bb7 23. Nd5 Bxd5 24. cxd5 Qb6 25. Rc3 Qd4 26. Qxd4 exd4 27. Rf3
Re8 28. Ng3 d3 29. Bxd3 Nxd3 30. Rxd3 Rxb2 31. f3 Rc8 0-1

[Event "Werner-Ott-Open Kreuzberger Sommer 2015"]
[Site "Berlin"]
[Date "2015.07.18"]
[Round "8.8"]
[White "Niehaus, Frank"]
[Black "Richter, Goetz"]
[Result "1-0"]
[WhiteElo "2214"]
[BlackElo "2085"]
[Annotator "Kreuzberg,Schachclub"]
[PlyCount "101"]
[EventDate "2015.??.??"]
[WhiteTeam "SK K[+]nig Tegel"]
[BlackTeam "Klub K[+]lner SF"]

1. d4 Nf6 2. Bg5 {[%emt 0:00:00]} Ne4 3. h4 c6 4. Nd2 Qa5 5. Ngf3 d5 6. c3 Bf5
7. Nxe4 Bxe4 8. Nd2 Bf5 9. e3 f6 10. Bf4 Nd7 11. Be2 e5 12. Bg3 Qc7 13. O-O Bd6
14. c4 exd4 15. exd4 O-O 16. Qb3 Bxg3 17. fxg3 Be6 18. c5 b6 19. cxb6 axb6 20.
Qe3 Rfe8 21. Qf4 Ra7 22. a3 Nf8 23. Rac1 Bd7 24. Qf2 Qd6 25. Bd3 Re7 26. Kh2
Be8 27. Rc3 Ne6 28. Bf5 Nc7 29. Nb3 Nb5 30. Rcc1 Qc7 31. Bd3 Nd6 32. Nd2 Qd7
33. Qf4 Ra4 34. Bc2 Ra8 35. g4 Bg6 36. Bf5 Bxf5 37. gxf5 Re2 38. Rc3 Nb5 39.
Rg3 Rae8 40. h5 h6 41. Qxh6 Nxd4 42. Qxf6 Rxd2 43. h6 Qc7 44. Rf4 Re7 45. Rfg4
Rf7 46. Rxg7+ Rxg7 47. hxg7 Nf3+ 48. Kh3 Ng1+ 49. Kh4 Qf4+ 50. Kh5 Qxg3 51.
Qf8+ 1-0

[Event "Werner-Ott-Open Kreuzberger Sommer 2015"]
[Site "Berlin"]
[Date "2015.07.18"]
[Round "8.9"]
[White "Zahn, Benno"]
[Black "Dimitrijeski, Kristian"]
[Result "1-0"]
[WhiteElo "2074"]
[BlackElo "2179"]
[PlyCount "59"]
[EventDate "2015.??.??"]
[WhiteTeam "SV Hellas Nauen"]
[BlackTeam "SK K[+]nig Tegel"]

1. e4 c6 2. d4 d5 3. e5 Bf5 4. Nf3 e6 5. Be2 Bg6 6. O-O Ne7 7. Nbd2 Nf5 8. Nb3
Be7 9. g4 Nh4 10. Nxh4 Bxh4 11. f4 Be4 12. Nc5 Be7 13. Nxe4 dxe4 14. Be3 Nd7
15. c4 h5 16. g5 Qb6 17. Qc2 O-O-O 18. c5 Qc7 19. Qxe4 Nf8 20. b4 Qd7 21. Rab1
Qd5 22. Qc2 a6 23. a4 Ng6 24. Bf3 Qd7 25. b5 axb5 26. axb5 Nh4 27. Be4 Nf5 28.
bxc6 bxc6 29. Qa4 Qc7 30. Bxc6 1-0

[Event "Werner-Ott-Open Kreuzberger Sommer 2015"]
[Site "Berlin"]
[Date "2015.07.18"]
[Round "8.10"]
[White "Von Wantoch-Rekowski, Danijela"]
[Black "Woerz, Markus"]
[Result "0-1"]
[WhiteElo "2166"]
[BlackElo "2009"]
[Annotator "Kreuzberg,Schachclub"]
[PlyCount "104"]
[EventDate "2015.??.??"]
[WhiteTeam "SF Berlin"]
[BlackTeam "SC Kreuzberg"]

1. d4 {[%emt 0:00:00]} Nf6 2. c4 e6 3. Nf3 Bb4+ 4. Bd2 Qe7 5. Qc2 Nc6 6. e3
Bxd2+ 7. Nbxd2 d6 8. a3 a5 9. b3 O-O 10. Bd3 e5 11. d5 Nb8 12. O-O Bg4 13. Ne1
Na6 14. f3 Bh5 15. e4 c6 16. Qc3 Qc7 17. dxc6 bxc6 18. Nc2 Nc5 19. Ne3 Ne6 20.
Kh1 Bg6 21. Rac1 Rab8 22. Bb1 Nd4 23. Rf2 Qb6 24. Ba2 Qc5 25. a4 Ne6 26. Rcf1
Nd7 27. Nf5 Rb4 28. g3 Nd4 29. g4 {[%emt 0:00:00]} Re8 30. Qc1 Rbb8 31. Rg2 f6
32. Rfg1 Ne6 33. Nb1 Ndf8 34. Rd2 Nd4 35. Nxd4 exd4 36. Rgd1 Ne6 37. Na3 Qe5
38. c5 dxc5 39. Nc4 Qf4 40. Kg2 Qc7 41. Rf2 Nf4+ 42. Kh1 Bf7 43. Nb2 Qd6 44.
Rc2 Bxb3 45. Bxb3+ Rxb3 46. Rxc5 Rxf3 47. Rxc6 Qe5 48. Qc4+ Kh8 49. Re1 d3 50.
Rc8 h6 51. Rxe8+ Qxe8 52. e5 Rf1+ 0-1

[Event "Werner-Ott-Open Kreuzberger Sommer 2015"]
[Site "Berlin"]
[Date "2015.07.18"]
[Round "8.11"]
[White "Gebigke, Martin"]
[Black "Bachran, Boris"]
[Result "0-1"]
[WhiteElo "2148"]
[BlackElo "1975"]
[PlyCount "76"]
[EventDate "2015.??.??"]
[WhiteTeam "SC Kreuzberg"]
[BlackTeam "SG Lok Brandenburg"]

1. d4 Nf6 2. c4 e6 3. Nc3 d5 4. Bg5 c6 5. e3 h6 6. Bh4 Nbd7 7. Nf3 Be7 8. Qc2
Nh5 9. Bxe7 Qxe7 10. Be2 Nhf6 11. O-O O-O 12. e4 dxe4 13. Nxe4 Nxe4 14. Qxe4
Nf6 15. Qc2 b6 16. Ne5 Bb7 17. c5 b5 18. a4 a6 19. Bf3 Qc7 20. Rfe1 Rfd8 21.
Qd2 Nd7 22. Qe3 Nxe5 23. dxe5 Rd7 24. Red1 Rxd1+ 25. Rxd1 bxa4 26. Rd6 Qa5 27.
g3 Qb4 28. Qd4 a5 29. Be4 g6 30. h4 h5 31. Qe3 Ba6 32. Rd7 Rf8 33. Kg2 Qb5 34.
Bxg6 fxg6 35. Rd4 Qxc5 36. Qg5 Rxf2+ 37. Kg1 Rf1+ 38. Kh2 Qxd4 0-1

[Event "Werner-Ott-Open Kreuzberger Sommer 2015"]
[Site "Berlin"]
[Date "2015.07.18"]
[Round "8.12"]
[White "Kunz, Andre"]
[Black "Federau, Juergen"]
[Result "1-0"]
[WhiteElo "2063"]
[BlackElo "2147"]
[PlyCount "37"]
[EventDate "2015.??.??"]
[WhiteTeam "BSV 63 Chemie Weiáensee"]
[BlackTeam "SC Kreuzberg"]

1. e4 c5 2. d4 cxd4 3. c3 dxc3 4. Nxc3 e6 5. Nf3 Nc6 6. Bc4 Qc7 7. O-O Nf6 8.
Nb5 Qb8 9. e5 Nxe5 10. Nxe5 Qxe5 11. Re1 Qc5 12. b3 d5 13. Bf4 dxc4 14. Nc7+
Ke7 15. Rc1 b5 16. bxc4 bxc4 17. Rxc4 Qa3 18. Re3 Qxa2 19. Qd6# 1-0

[Event "Werner-Ott-Open Kreuzberger Sommer 2015"]
[Site "Berlin"]
[Date "2015.07.18"]
[Round "8.13"]
[White "Cusnariov, Nikolai"]
[Black "Solhjou, Mohammed Hassan"]
[Result "1-0"]
[WhiteElo "2131"]
[BlackElo "2004"]
[PlyCount "69"]
[EventDate "2015.??.??"]
[WhiteTeam "USV Potsdam"]
[BlackTeam "SC Kreuzberg"]

1. d4 d5 2. Nf3 Nf6 3. g3 c6 4. Bg2 Nbd7 5. O-O e6 6. b3 Bd6 7. Bb2 Ne4 8. Nfd2
f5 9. Nxe4 fxe4 10. f3 Nf6 11. fxe4 dxe4 12. Nd2 Ng4 13. Nc4 Bc7 14. e3 Qg5 15.
Rf4 e5 16. dxe5 Be6 17. Nd6+ Bxd6 18. Qxd6 Qe7 19. Qxe7+ Kxe7 20. Ba3+ Ke8 21.
Bxe4 g5 22. Rff1 Nxe3 23. Rf6 Bh3 24. Re1 Nd5 25. Rh6 Bg4 26. h3 Bc8 27. c4 Ne7
28. g4 Ng8 29. Rd6 Ne7 30. e6 b6 31. Red1 Ba6 32. Rd7 Nd5 33. cxd5 c5 34. d6
Rc8 35. Rxa7 1-0

[Event "Werner-Ott-Open Kreuzberger Sommer 2015"]
[Site "Berlin"]
[Date "2015.07.18"]
[Round "8.14"]
[White "Shapiro, Yosip"]
[Black "Baumeister, Wolfgang"]
[Result "1/2-1/2"]
[WhiteElo "2114"]
[BlackElo "1805"]
[PlyCount "115"]
[EventDate "2015.??.??"]
[WhiteTeam "SV Berolina Mitte"]
[BlackTeam "SC Kreuzberg"]

1. Nf3 f5 2. d4 d6 3. c4 g6 4. g3 Bg7 5. Nc3 Nf6 6. Bg2 O-O 7. O-O Nc6 8. d5
Ne5 9. Nxe5 dxe5 10. Bg5 h6 11. Bxf6 Bxf6 12. Rc1 Kh8 13. Qd2 Bg7 14. c5 c6 15.
Rfd1 e4 16. Qc2 Qa5 17. Qb1 Bd7 18. b4 Qa3 19. dxc6 Bxc6 20. Nd5 Bxd5 21. Rxd5
Rfd8 22. Rcd1 Rxd5 23. Rxd5 b6 24. c6 Rc8 25. b5 a6 26. Rd7 axb5 27. c7 Kh7 28.
h4 Qc5 29. h5 Rxc7 30. hxg6+ Kxg6 31. Rxc7 Qxc7 32. Qxb5 Qc5 33. Qe8+ Kh7 34.
e3 b5 35. Qf7 Qe5 36. Bh3 e6 37. Bf1 b4 38. Bc4 Qf6 39. Qd7 e5 40. Qe8 Qf8 41.
Qe6 Qf6 42. Qg8+ Kg6 43. Qe8+ Kg5 44. Be2 Qg6 45. Qe7+ Bf6 46. Qxb4 f4 47.
exf4+ exf4 48. Qc5+ Qf5 49. gxf4+ Kxf4 50. Qe3+ Ke5 51. Qc3+ Kd6 52. Qb4+ Kc7
53. Qc4+ Kd6 54. Qa6+ Kc7 55. Qa7+ Kd6 56. Qb8+ Ke7 57. Qc7+ Kf8 58. Qb8+
1/2-1/2

[Event "Werner-Ott-Open Kreuzberger Sommer 2015"]
[Site "Berlin"]
[Date "2015.07.18"]
[Round "8.16"]
[White "Meister, Jakob"]
[Black "Wimmer, Thomas"]
[Result "1-0"]
[WhiteElo "2460"]
[BlackElo "1917"]
[Annotator "Kreuzberg,Schachclub"]
[PlyCount "51"]
[EventDate "2015.??.??"]
[WhiteTeam "SK Zehlendorf"]
[BlackTeam "SK Marburg"]

1. d4 Nf6 2. Bf4 c5 3. e3 e6 4. Nd2 Nc6 5. c3 d5 6. Bd3 cxd4 7. exd4 Be7 8.
Ngf3 Nh5 9. Be3 Nf6 10. Ne5 O-O 11. f4 Nd7 12. O-O Ncxe5 13. fxe5 f6 14. exf6
Nxf6 15. Bf4 b5 16. a3 Qb6 17. Qe2 b4 18. axb4 Bxb4 19. cxb4 Qxd4+ 20. Kh1 Qxb4
21. Be5 a5 22. Rf4 Qe7 23. Nf3 Bb7 24. Bd4 Ne4 25. Rxf8+ Rxf8 26. Rxa5 Rxf3 27.
gxf3 Qh4 28. fxe4 dxe4 29. Ba6 1-0

[Event "Werner-Ott-Open Kreuzberger Sommer 2015"]
[Site "Berlin"]
[Date "2015.07.18"]
[Round "8.17"]
[White "Steinborn, Bjoern"]
[Black "Krausser, Helmut"]
[Result "1-0"]
[WhiteElo "1900"]
[BlackElo "2104"]
[PlyCount "87"]
[EventDate "2015.??.??"]
[WhiteTeam "SC Weisse Dame (Berlin)"]
[BlackTeam "SK Germering"]

1. d4 Nf6 2. c4 c5 3. d5 b5 4. cxb5 a6 5. e3 g6 6. Nc3 Bg7 7. d6 Bb7 8. Nf3 O-O
9. Be2 exd6 10. Qxd6 axb5 11. Qxc5 d6 12. Qxb5 Ba6 13. Qb3 Bxe2 14. Nxe2 Qa5+
15. Bd2 Qa6 16. Nfd4 Ne4 17. Bc3 Nd7 18. Qb5 Qc8 19. O-O Ne5 20. Rfc1 Qd8 21.
Nc6 Qh4 22. Ng3 Ng4 23. Nxe4 Qxh2+ 24. Kf1 Qh1+ 25. Ke2 Qxg2 26. Qd5 Nxe3 27.
Ne7+ Kh8 28. Bxg7+ Kxg7 29. Qd4+ f6 30. Qxe3 Qg4+ 31. Qf3 Qe6 32. Rc7 Rf7 33.
Nd5 Rxc7 34. Nxc7 Qc4+ 35. Ke1 Rf8 36. Nxd6 Qb4+ 37. Kf1 Qxd6 38. Nd5 h5 39.
Re1 Rf7 40. Qe4 h4 41. Nf4 Qa6+ 42. Kg1 f5 43. Qd4+ Kh7 44. Ne6 1-0

[Event "Werner-Ott-Open Kreuzberger Sommer 2015"]
[Site "Berlin"]
[Date "2015.07.18"]
[Round "8.18"]
[White "Sulayev, Daniel"]
[Black "Albrecht, Rainer"]
[Result "0-1"]
[WhiteElo "1709"]
[BlackElo "2100"]
[PlyCount "90"]
[EventDate "2015.??.??"]
[WhiteTeam "Schachpinguine Berlin"]
[BlackTeam "SC Kreuzberg"]

1. e4 e6 2. d4 d5 3. Nc3 Nf6 4. Bg5 Bb4 5. e5 h6 6. Bd2 Bxc3 7. bxc3 Ne4 8. Qg4
Kf8 9. Qf4 c5 10. Bd3 Nxd2 11. Qxd2 Qa5 12. Nf3 Nc6 13. O-O cxd4 14. Qf4 dxc3
15. Rab1 Qc7 16. Rb3 Qe7 17. Rxc3 Bd7 18. Rb1 Be8 19. Nd4 Nxd4 20. Qxd4 g6 21.
Qb4 Qxb4 22. Rxb4 Bc6 23. Bb5 Kg7 24. Bxc6 bxc6 25. Rxc6 Rhc8 26. Rxc8 Rxc8 27.
Rb2 Rc4 28. f3 g5 29. g4 a5 30. Kf2 f6 31. exf6+ Kxf6 32. Kg3 Rc3 33. Kf2 Ke5
34. Kg3 Ra3 35. h3 Kd4 36. Rb6 e5 37. Rxh6 e4 38. Rf6 Rxa2 39. fxe4 dxe4 40.
Rf2 Ke3 41. Rf5 a4 42. Ra5 Ke2 43. c4 e3 44. Rxg5 Kf1 45. Rf5+ Rf2 0-1

[Event "Werner-Ott-Open Kreuzberger Sommer 2015"]
[Site "Berlin"]
[Date "2015.07.18"]
[Round "8.19"]
[White "Poecheim, Stephan"]
[Black "Bolk, Matthias"]
[Result "0-1"]
[WhiteElo "1580"]
[BlackElo "2062"]
[PlyCount "64"]
[EventDate "2015.??.??"]
[WhiteTeam "SF 1903 Berlin"]
[BlackTeam "ohne Verein"]

1. e4 c5 2. Nc3 a6 3. Bc4 b5 4. Bd5 Ra7 5. e5 e6 6. Be4 d5 7. exd6 Nf6 8. Bf3
Bxd6 9. d3 O-O 10. Bg5 Nbd7 11. Ne4 Be7 12. h4 Bb7 13. Bxf6 Nxf6 14. Qe2 Qa5+
15. c3 Rd8 16. Qc2 b4 17. Ne2 Ba8 18. O-O Nxe4 19. dxe4 Bxh4 20. g3 Bf6 21. a3
bxc3 22. Nxc3 g6 23. Kg2 Rad7 24. Rad1 Bd4 25. Ne2 Bf6 26. Nc3 Bc6 27. Rxd7
Rxd7 28. Rd1 Rd4 29. Rxd4 cxd4 30. Ne2 Bb5 31. Nf4 Qb6 32. Qb3 Bf1+ 0-1

[Event "Werner-Ott-Open Kreuzberger Sommer 2015"]
[Site "Berlin"]
[Date "2015.07.18"]
[Round "8.20"]
[White "Mueller, Peter"]
[Black "Kuehn, Timo"]
[Result "0-1"]
[WhiteElo "2060"]
[BlackElo "1900"]
[PlyCount "108"]
[EventDate "2015.??.??"]
[WhiteTeam "SV Berolina Mitte"]
[BlackTeam "SV Unterkochen"]

1. e4 d5 2. exd5 Qxd5 3. Nc3 Qd6 4. d4 Nf6 5. Nf3 a6 6. g3 Bg4 7. Bg2 e6 8. O-O
Be7 9. Bf4 Qd8 10. Re1 O-O 11. h3 Bh5 12. g4 Bg6 13. Ne5 Nc6 14. Bxc6 bxc6 15.
Nxc6 Qe8 16. Nxe7+ Qxe7 17. Qd2 Qb4 18. b3 Rfc8 19. a3 Qb7 20. Na4 Qf3 21. Qe3
Qxe3 22. Bxe3 Bxc2 23. Nc5 Rcb8 24. b4 a5 25. Rec1 Bg6 26. Bd2 axb4 27. Bxb4 h6
28. Kh2 Nd5 29. Nd7 Rb7 30. h4 Raa7 31. Bc5 Ra4 32. Ne5 Rb8 33. Ra2 Nf4 34. Rd2
Be4 35. Bb4 Ra7 36. Nc6 Rxb4 37. Nxb4 Rxa3 38. f3 Rxf3 39. Kg1 Nh3+ 40. Kg2
Nf4+ 41. Kg1 Nh3+ 42. Kg2 Rc3+ 43. Kh2 Rxc1 44. Kxh3 Rc3+ 45. Kh2 c5 46. dxc5
Rxc5 47. Kg3 f5 48. Na6 Rc4 49. Nb8 g5 50. hxg5 hxg5 51. gxf5 exf5 52. Nd7 Rc3+
53. Kf2 Kg7 54. Ne5 Rc2 0-1